[Event "34th Olympiad Women"]
[Site "Istanbul TUR"]
[Date "2000.11.04"]
[Round "7"]
[White "Levushkina,E"]
[Black "Domarkaite,L"]
[Result "1-0"]
[WhiteElo "2103"]
[BlackElo "2187"]

1.e4 c5 2.Nf3 d6 3.Bb5+ Nc6 4.O-O Bd7 5.Re1 e6 6.c3 Nf6 7.d4 cxd4 8.cxd4 d5
9.exd5 Nxd5 10.Nc3 Be7 11.Nxd5 exd5 12.Qe2 Rc8 13.Bd2 Be6 14.Ne5 Kf8 15.Bxc6 bxc6
16.Nd3 h6 17.Rac1 Bd6 18.Bf4 Bxf4 19.Nxf4 Bf5 20.Rc5 h5 21.Rec1 Rh6 22.Qa6 Qb6
23.Qa3 Kg8 24.Nxd5 cxd5 25.Rxc8+ Bxc8 26.Rxc8+ Kh7 27.Qd3+ Rg6 28.b3 Qe6
29.Rc1 Qg4 30.g3 h4 31.Rc6 f6 32.Rc5 Qe6 33.Rc1 f5 34.Qf3 Rg4 35.Rd1 h3 36.Qe3 Re4
37.Qd3 Kg6 38.Kf1 Qb6 39.f3 Re6 40.Kf2 Kf6 41.Re1 Rxe1 42.Kxe1 Qa5+ 43.Qd2 Qa3
44.Kf2 g6 45.Qc2 Kf7 46.Qc7+ Kg8 47.Qd8+ Kg7 48.Qc7+ Kg8 49.Qc2 Kf7 50.Qd2 Kg7
51.Ke3 Kf7 52.Qc2 Qa5 53.Ke2 Qa6+ 54.Ke1 Qa3 55.Kd1 Kg7 56.Qe2 Kf7 57.g4 fxg4
58.fxg4 Qb4 59.Qf3+ Ke6 60.Qe3+ Kf7 61.Ke2 Qa3 62.Qf2+ Kg7 63.Kf3 Qc1 64.Kg3 Qc3+
65.Kh4 Qd3 66.Qf4 Qb5 67.Kxh3 Qc6 68.Qe5+ Kh7 69.Qe7+ Kg8 70.Qe5 Qd7 71.Kh4 Kh7
72.Kg5 Qd8+ 73.Qf6 Qe8 74.Qe5 Qd8+ 75.Kf4 Qh4 76.Kf3 Qh3+ 77.Qg3 Qf1+ 78.Qf2 Qh3+
79.Kf4 g5+ 80.Ke5 Qxg4 81.Qf5+  1-0

[Event "34th Olympiad Women"]
[Site "Istanbul TUR"]
[Date "2000.11.04"]
[Round "7"]
[White "Sheremetieva,M"]
[Black "Zhu Chen"]
[Result "0-1"]
[WhiteElo "2340"]
[BlackElo "2539"]

1.e4 c5 2.Nf3 d6 3.Bb5+ Nd7 4.O-O Nf6 5.Re1 a6 6.Bf1 e6 7.c3 b5 8.d4 Bb7
9.e5 Nd5 10.a4 c4 11.axb5 axb5 12.Rxa8 Qxa8 13.Ng5 dxe5 14.dxe5 h6 15.Qh5 g6
16.Qh3 Bg7 17.Nf3 Nc7 18.Nd4 Bd5 19.Na3 Qb8 20.f4 O-O 21.f5 exf5 22.Bxh6 Re8
23.Bxg7 Kxg7 24.Qg3 Qb6 25.Kh1 Be4 26.b3 Qc5 27.b4 Qxe5 28.Qxe5+ Rxe5 29.Kg1 Nb6
30.Kf2 Na4 31.Rc1 f4 32.Be2 Rd5 33.Nf3 g5 34.h3 Kh6 35.Bd1 Nb2 36.Be2 f5
37.Ra1 Bxf3 38.Bxf3 Rd3 39.Nb1 Nd1+ 40.Kg1 Nxc3 41.Nxc3 Rxc3 42.Ra7 Ne8 43.Ra6+ Kg7
44.Rb6 Nf6 45.Rxb5 Rc1+ 46.Kf2 Ne4+ 47.Bxe4 fxe4 48.Rxg5+ Kf6 49.h4 e3+ 50.Ke2 Rc2+
51.Ke1 c3 52.Rc5 Rxg2 53.Rxc3 Ke5 54.b5 Ke4 55.b6 Rg1+  0-1

[Event "Chigorin Mem"]
[Site "St Petersburg RUS"]
[Date "2000.11.04"]
[Round "4"]
[White "Ivanov,Vl"]
[Black "Vaulin,A"]
[Result "0-1"]
[WhiteElo "2403"]
[BlackElo "2552"]

1.e4 c5 2.Nf3 d6 3.Bb5+ Nd7 4.d4 Nf6 5.O-O a6 6.Bxd7+ Nxd7 7.e5 e6 8.Bf4 d5
9.Nbd2 Be7 10.c3 b6 11.Qe2 Bb7 12.Qe3 h6 13.Rfc1 Rc8 14.Nf1 Bc6 15.Qd2 Nf8
16.Ng3 Ng6 17.Be3 h5 18.h3 Bb5 19.Bg5 h4 20.Bxe7 Nxe7 21.Nf1 Bxf1 22.Kxf1 Nf5
23.c4 dxc4 24.Rxc4 cxd4 25.Rxc8 Qxc8 26.Nxd4 Qc4+ 27.Ne2 O-O 28.Qc3 Qd5 29.Nf4 Qe4
30.Nd3 Rd8 31.Ne1 Nd4 32.Qd3 Qxe5 33.Nf3 Qf6 34.Nxd4 Qxd4 35.Qxa6 Qxb2 36.Re1 g6
37.Kg1 Rd2 38.Rf1 Qd4 39.a3 Ra2 40.Qa8+ Kg7 41.Qf3 Qb2 42.Qf4 Rxa3 43.Qxh4 Ra1
44.Rxa1 Qxa1+ 45.Kh2 Qb2 46.Qg3 b5 47.h4 Qf6 48.f4 b4 49.h5 b3 50.hxg6 b2
51.gxf7+ Kxf7  0-1

[Event "Chigorin Mem"]
[Site "St Petersburg RUS"]
[Date "2000.11.05"]
[Round "5"]
[White "Voitsekhovsky,S"]
[Black "Kachar,V"]
[Result "1/2-1/2"]
[WhiteElo "2516"]
[BlackElo "2304"]

1.e4 c5 2.Nf3 d6 3.Bb5+ Bd7 4.Bxd7+ Qxd7 5.O-O Nc6 6.c3 Nf6 7.d4 Nxe4 8.d5 Ne5
9.Nxe5 dxe5 10.Re1 Nf6 11.Rxe5 O-O-O 12.c4 e6 13.Nc3 Bd6 14.Re1 h6 15.Be3 Rhe8
16.h3 exd5 17.cxd5 Kb8 18.Qf3 Re5 19.Red1 Rf5 20.Qe2 Re5 21.Qc4 Rc8 22.Nb5 Re4
23.Qe2 a6 24.Nxd6 Qxd6 25.Rac1 Qe5 26.Qd2 Nd7 27.Rc3 Qd6 28.Rdc1 g5 29.b4 b6
30.bxc5 bxc5 31.Rb3+ Ka8 32.Ra3 Re5 33.Qd3 Nb8 34.Rb1 Rxd5 35.Qb3 Qc6 36.Ra4 Rd7
37.Ra5 Rb7 38.Qxb7+ Qxb7 39.Rxb7 Kxb7 40.Rxc5 Rxc5 41.Bxc5 Nd7 42.Bd4 h5
43.Kh2 Kc6 44.Be3 f6 45.h4 g4 46.Kg3 Ne5 47.Kf4 Ng6+ 48.Ke4  1/2-1/2

[Event "34th Olympiad"]
[Site "Istanbul TUR"]
[Date "2000.11.06"]
[Round "9"]
[White "Daoud Mod,R"]
[Black "Sula,Z"]
[Result "1/2-1/2"]
[WhiteElo "2143"]
[BlackElo "2348"]

1.e4 c5 2.Nf3 d6 3.Bb5+ Bd7 4.Bxd7+ Qxd7 5.O-O Nc6 6.b3 Nf6 7.Re1 e6 8.Bb2 Be7
9.d4 cxd4 10.Nxd4 O-O 11.c4 a6 12.Nd2 Nxd4 13.Bxd4 b5 14.a4 Qb7 15.axb5 axb5
16.Qc2 Rfc8 17.Rxa8 Qxa8 18.Ra1 Qc6 19.Qd3 bxc4 20.bxc4 Nd7 21.h3 h6 22.Nf3 Qxc4
23.Qxc4 Rxc4 24.Ra7 Bf6 25.Rxd7 Bxd4 26.Rd8+ Kh7 27.Nxd4 Rxd4 28.g3 g5 29.Kg2 Rd3
30.Kf1 Rd2 31.Kg2 Rd3 32.Kf1 d5 33.exd5 Rxd5 34.Ra8 h5 35.Ra4 Kg6 36.Kg2 e5
37.Ra6+ f6 38.Ra8 Rd4 39.Rg8+ Kh7 40.Rf8 Kg7 41.Ra8 e4 42.Ra7+ Kg6 43.Re7 Rc4
44.g4 h4 45.Kh2 Ra4 46.Kg2 Rd4 47.Kh2 Kh6 48.Kg2  1/2-1/2

[Event "34th Olympiad"]
[Site "Istanbul TUR"]
[Date "2000.11.07"]
[Round "10"]
[White "Zaw Win Lay"]
[Black "Leyva,H"]
[Result "1-0"]
[WhiteElo "2533"]
[BlackElo "2409"]

1.e4 c5 2.Nf3 d6 3.Bb5+ Bd7 4.Bxd7+ Qxd7 5.O-O Nc6 6.b3 Nf6 7.Re1 e5 8.c3 Be7
9.d4 O-O 10.Bb2 Rad8 11.Nbd2 Rfe8 12.Nc4 b5 13.Ncd2 Bf8 14.a4 a6 15.d5 Ne7
16.Qe2 Ra8 17.Ra2 Reb8 18.Rea1 b4 19.cxb4 Rxb4 20.Bc3 Rb7 21.Rb2 Ng6 22.g3 Qg4
23.Kh1 h5 24.Ng1 Qxe2 25.Nxe2 Ng4 26.Kg2 f5 27.f3 Nf6 28.Rab1 fxe4 29.fxe4 a5
30.Ng1 h4 31.Ngf3 hxg3 32.hxg3 Be7 33.Re1 Bd8 34.Nc4 Ne8 35.Nfd2 Nf8 36.Na3 Nd7
37.Ndc4 Nb6 38.Nb5 Nxc4 39.bxc4 Rab8 40.Rf2 Rf7 41.Rxf7 Kxf7 42.Rf1+ Kg8
43.Bd2 Rb7 44.Rf3 Rd7 45.Rb3 Kf7 46.Na3 Ra7 47.Rb8 Bc7 48.Rc8 Rb7 49.Nb5 Rb8
50.Rxb8 Bxb8 51.Bxa5 Nf6 52.Kf3 Nd7 53.Ke3 Ke7 54.Kd3 g6 55.g4 Nf6 56.g5 Nd7
57.Bc7 Bxc7 58.Nxc7 Nf8 59.a5 Kd7 60.Ne6 Nh7 61.Kc3 Kc8 62.Kb3 Kb7 63.Ka4 Ka6
64.Nc7+ Kb7 65.Ne8 Ka6 66.Nxd6 Nxg5 67.Ne8 Nf7 68.Nc7+ Ka7 69.Kb5 Nd6+ 70.Kxc5 Nxe4+
71.Kc6 Nf6 72.d6 e4 73.Nd5 Ng4 74.d7 Ne5+ 75.Kc7 Nf7 76.d8=Q Nxd8 77.Kxd8 g5
78.c5 g4 79.c6 g3 80.Ne3  1-0

[Event "34th Olympiad Women"]
[Site "Istanbul TUR"]
[Date "2000.11.07"]
[Round "10"]
[White "Sheremetieva,M"]
[Black "Paehtz,E"]
[Result "0-1"]
[WhiteElo "2340"]
[BlackElo "2343"]

1.e4 c5 2.Nf3 d6 3.Bb5+ Nd7 4.O-O Nf6 5.Re1 a6 6.Bf1 b6 7.c4 Bb7 8.Nc3 e6
9.d4 cxd4 10.Nxd4 Be7 11.f3 O-O 12.Be3 Rc8 13.Rc1 Qc7 14.Qd2 Qb8 15.Kh1 Rfe8
16.Bf2 Bd8 17.b4 Bc7 18.Bg1 Kh8 19.Rb1 Qa8 20.Na4 Rg8 21.Rec1 g5 22.c5 dxc5
23.bxc5 bxc5 24.Qb2 Rb8 25.Nb3 Be5 26.Qc2 g4 27.Naxc5 gxf3 28.gxf3 Rbc8 29.Bd3 Nxc5
30.Bxc5 Rgd8 31.Na5 Rxd3 32.Qxd3 Bxe4 33.fxe4 Nxe4 34.Qf3 Qd5 35.Be3 Rg8
36.Rf1 Qxa2 37.Bf2 Nd2 38.Qc6 Nxf1 39.Qc5 Ng3+ 40.hxg3 Qxb1+ 41.Kh2 Qf5 42.Nb3 Qg5
43.Kg2 h5 44.Nd2 Bxg3 45.Qxg5 Rxg5 46.Nf3 Bf4+  0-1

[Event "34th Olympiad"]
[Site "Istanbul TUR"]
[Date "2000.11.07"]
[Round "10"]
[White "Antonio,R"]
[Black "Rytshagov,M"]
[Result "1-0"]
[WhiteElo "2547"]
[BlackElo "2529"]

1.e4 c5 2.Nf3 d6 3.Bb5+ Bd7 4.Bxd7+ Qxd7 5.c4 Nf6 6.Nc3 Nc6 7.d4 cxd4 8.Nxd4 g6
9.O-O Bg7 10.Nde2 Qe6 11.Nd5 Qxe4 12.Nc7+ Kd7 13.Nxa8 Qxc4 14.Nc3 Rxa8 15.Re1 Rc8
16.h3 h6 17.Be3 Ke8 18.Rc1 Kf8 19.Qd2 Qh4 20.Nb5 a6 21.Nd4 Kg8 22.Qe2 Nd5
23.Nxc6 Rxc6 24.Rxc6 bxc6 25.Qxa6 Bxb2 26.Qxc6 Qb4 27.Re2 Nxe3 28.Rxe3 Be5
29.Qc2 Kg7 30.g3 e6 31.Rb3 Qa5 32.Rb7 d5 33.Qe2 Bc7 34.Kg2 e5 35.Qb5 Qc3
36.Qxd5 e4 37.Qxe4 h5 38.h4 Qc5 39.Qf3 Kg8 40.a4 Kg7 41.Qe4 Bd6 42.Rd7 Kf8
43.Qa8+ Kg7 44.Qb7  1-0

[Event "34th Olympiad"]
[Site "Istanbul TUR"]
[Date "2000.11.07"]
[Round "10"]
[White "Campora,D"]
[Black "Kozul,Z"]
[Result "1/2-1/2"]
[WhiteElo "2526"]
[BlackElo "2611"]

1.e4 c5 2.Nf3 d6 3.Bb5+ Bd7 4.Bxd7+ Qxd7 5.O-O Nf6 6.Re1 Nc6 7.c4 g6 8.Nc3 Bg7
9.d4 cxd4 10.Nxd4 Nxd4 11.Qxd4 O-O 12.Bg5 Ng4 13.Qd2 Ne5 14.b3 Qg4 15.Qe3 Nf3+
16.Qxf3 Qxf3 17.gxf3 Bxc3 18.Bxe7 Rfc8 19.Bxd6 Rc6 20.e5 f6 21.f4 Kf7 22.Rad1 Bxe1
23.Rxe1 Re8 24.c5 a5 25.a3 b6 26.b4 axb4 27.axb4 bxc5 28.bxc5 Rec8 29.Rc1 g5
30.fxg5 fxe5 31.Rc3 Kg6 32.Rh3 Kxg5 33.Rxh7 Rxc5 34.Bxc5 Rxc5 35.Kg2 Rc3
36.Re7 Kf5 37.f3 Rc1 38.Re8 Ra1 39.h4 Re1 40.Rg8 e4 41.Rf8+ Kg6 42.Kf2 Rh1
43.fxe4 Rxh4 44.Ke3 Kg7 45.Rf1 Rh8 46.Kd4 Rd8+ 47.Ke5 Re8+ 48.Kd5 Rd8+ 49.Kc6 Re8
50.Rf4 Re5 51.Kd6 Ra5 52.e5 Ra6+ 53.Kd7 Ra7+  1/2-1/2

[Event "34th Olympiad"]
[Site "Istanbul TUR"]
[Date "2000.11.08"]
[Round "11"]
[White "Hatanbaatar,B"]
[Black "Hamdouchi,H"]
[Result "1/2-1/2"]
[WhiteElo "2507"]
[BlackElo "2541"]

1.e4 c5 2.Nf3 d6 3.Bb5+ Nc6 4.O-O Bd7 5.Re1 Nf6 6.c3 a6 7.Bf1 Bg4 8.h3 Bxf3
9.Qxf3 g6 10.Qd1 Qb6 11.b3 Bg7 12.Bb2 O-O 13.Na3 Rac8 14.d4 cxd4 15.cxd4 d5
16.exd5 Nxd5 17.Nc4 Qa7 18.Ne5 Rfd8 19.Qf3 Nxe5 20.dxe5 Rc2 21.Ba3 e6 22.Bd3 Rc3
23.Bb2 Rc7 24.Be4 Rcd7 25.Rad1 Qb8 26.h4 b5 27.h5 a5 28.Qg4 Qb6 29.Bd4 Qa6
30.Bc5 b4 31.hxg6 hxg6 32.Bd6 Nc3 33.Rd3 Nxe4 34.Qxe4 Bxe5 35.Bxe5 Qxd3 36.Qh4 f6
37.Qxf6 Qf5 38.Qh8+ Kf7 39.Qh7+ Ke8 40.Qg8+ Ke7 41.Qh7+ Ke8 42.Qh8+ Kf7 43.Qg7+ Ke8  1/2-1/2

[Event "34th Olympiad"]
[Site "Istanbul TUR"]
[Date "2000.11.08"]
[Round "11"]
[White "Komliakov,V"]
[Black "West,G"]
[Result "0-1"]
[WhiteElo "2453"]
[BlackElo "2372"]

1.e4 c5 2.Nf3 d6 3.Bb5+ Bd7 4.Bxd7+ Nxd7 5.O-O Ngf6 6.Qe2 e6 7.c3 Be7 8.d4 O-O
9.e5 Ne8 10.dxc5 Nxc5 11.Rd1 Qc7 12.Bf4 Rd8 13.Na3 a6 14.Nc4 h6 15.exd6 Nxd6
16.Nce5 Rfe8 17.h3 Bf8 18.Nc4 b5 19.Nxd6 Bxd6 20.Rxd6 Rxd6 21.Bxd6 Qxd6 22.Rd1 Qc7
23.c4 b4 24.Qd2 a5 25.Qd6 Qxd6 26.Rxd6 Rc8 27.Ne5 Na4 28.b3 Nc3 29.Ra6 Nxa2
30.Nc6 Kf8 31.Nxa5 Nc1 32.Ra7 Rc5 33.Kf1 g5 34.Ke1 h5 35.f3 h4 36.Kd1 Nd3
37.Kd2 Nf4 38.Ra6 Re5 39.Nc6 Re2+ 40.Kd1 Rxg2 41.Nxb4 Nxh3 42.c5 Nf2+ 43.Ke2 h3
44.c6 Ng4+  0-1

[Event "ch-POL Semi-Finals"]
[Site "Polanczyk POL"]
[Date "2000.11.08"]
[Round "5"]
[White "Ehrenfeucht,W"]
[Black "Stachowiak,K"]
[Result "1/2-1/2"]
[WhiteElo "2273"]
[BlackElo "2041"]

1.e4 c5 2.Nf3 d6 3.Bb5+ Bd7 4.Bxd7+ Nxd7 5.c4 Ngf6 6.Nc3 g6 7.d4 cxd4 8.Nxd4 Bg7
9.O-O O-O 10.Be3 Ne5 11.b3 Nc6 12.Rc1 Qa5 13.f3 Rfc8 14.Qd2 a6 15.Nxc6 Rxc6
16.Nd5 Qxd2 17.Bxd2 Kf8 18.Be3 e6 19.Nb6 Rd8 20.Rfd1 Ke7 21.b4 Nd7 22.Nxd7 Rxd7
23.a4 Rdc7 24.c5 dxc5 25.Bxc5+ Ke8 26.Rb1 Bf8  1/2-1/2

[Event "Chigorin Mem"]
[Site "St Petersburg RUS"]
[Date "2000.11.08"]
[Round "7"]
[White "Polovnikova,E"]
[Black "Karaev,M"]
[Result "1/2-1/2"]
[WhiteElo "2386"]
[BlackElo "2071"]

1.e4 c5 2.Nf3 d6 3.Bb5+ Bd7 4.Bxd7+ Qxd7 5.O-O Nf6 6.Re1 Nc6 7.c4 g6 8.d4 cxd4
9.Nxd4 Bg7 10.Nc3 O-O 11.Nc2 Rfd8 12.Bg5 h6 13.Bh4 Qg4 14.Qxg4 Nxg4 15.f4 Bxc3
16.bxc3 g5 17.fxg5 hxg5 18.Bxg5 f6 19.Bf4 Nge5 20.Ne3 Rac8 21.Bxe5 Nxe5 22.Nf5 Kf7
23.Re3 Rh8 24.Rg3 Rh7 25.Rb1 b6 26.Rb4 Nxc4 27.Rd3 Ne5 28.Rg3 Rc5 29.h3 Nc6
30.Ra4  1/2-1/2

[Event "Chigorin Mem"]
[Site "St Petersburg RUS"]
[Date "2000.11.08"]
[Round "7"]
[White "Dzhakaev,D"]
[Black "Vorobiov,E"]
[Result "1/2-1/2"]
[WhiteElo "2403"]
[BlackElo "2488"]

1.e4 c5 2.Nf3 d6 3.Bb5+ Nd7 4.d4 Nf6 5.Nc3 a6 6.Bxd7+ Nxd7 7.Be3 cxd4 8.Qxd4 e6
9.O-O-O b5 10.e5 d5 11.Nxd5 exd5 12.Qxd5 Rb8 13.Ng5 Qe7 14.Nxf7 Bb7 15.Qb3 Nc5
16.Bxc5 Qxf7 17.e6 Qf4+ 18.Be3 Qc4 19.Rhe1 Qxb3 20.axb3 Bc8 21.Bd4 Be7 22.Bxg7 Rg8
23.Be5 Rb6 24.f4 Bxe6 25.Rd2 Rc6 26.Re3 Kf7 27.g3 h5 28.Bd4 Rgc8 29.Kd1 Bb4
30.c3 Bxb3+ 31.Ke1 Bf8 32.Kf2 Re8 33.Rxe8 Kxe8 34.f5 Kf7 35.h3 Bc5 36.g4 Rd6
37.Ke3 Bxd4+ 38.Rxd4 Rxd4 39.Kxd4 h4 40.Ke5 a5 41.Kf4 Kf6 42.g5+ Kf7 43.Kg4 Bc2
44.f6 Kg6 45.Kxh4 Bb3 46.Kg4 Be6+ 47.Kf4 Bxh3 48.Ke5 a4 49.Kd6 Bf1 50.Kc5 Bc4
51.Kb4 Kxg5 52.f7 Bxf7 53.Kxb5 Bb3 54.c4 Kf6 55.c5 Ke7 56.Kb6 Kd7 57.c6+ Kc8
58.Kb5 Kc7 59.Kc5 Bd1 60.Kb5  1/2-1/2

[Event "34th Olympiad"]
[Site "Istanbul TUR"]
[Date "2000.11.09"]
[Round "12"]
[White "Hatanbaatar,B"]
[Black "Shirov,A"]
[Result "1/2-1/2"]
[WhiteElo "2507"]
[BlackElo "2746"]

1.e4 c5 2.Nf3 d6 3.Bb5+ Nd7 4.O-O Nf6 5.Re1 a6 6.Bf1 b6 7.Nc3 Bb7 8.d3 g6
9.Ne2 Bg7 10.Ng3 O-O 11.c3 e5 12.h3 d5 13.Nh2 Qc7 14.Ng4 h5 15.Nxf6+ Nxf6
16.Qc2 Rad8 17.Bg5 Rd7 18.c4 d4 19.Rab1 Nh7 20.Bc1 f5 21.exf5 gxf5 22.Nxh5 f4
23.b4 Rf5 24.Qd1 Rg5 25.bxc5 Qc6 26.Re4 Qxc5 27.Be2 Bxe4 28.dxe4 d3 29.Bg4 Rd6
30.Qb3 Rxg4 31.Ba3 Rxg2+ 32.Kxg2 Rg6+ 33.Kf1 Qd4 34.c5+ Kh8 35.Qd5 Qc3 36.Qb3 Qd4
37.Qd5 Qc3 38.Qb3 Qd4 39.Qd5 Qc3  1/2-1/2

[Event "34th Olympiad"]
[Site "Istanbul TUR"]
[Date "2000.11.09"]
[Round "12"]
[White "Ganbold,O"]
[Black "Moreno,J"]
[Result "0-1"]
[WhiteElo "2405"]
[BlackElo "2515"]

1.e4 c5 2.Nf3 d6 3.Bb5+ Bd7 4.Bxd7+ Qxd7 5.O-O Nc6 6.d3 e6 7.Nc3 Be7 8.Ng5 Nf6
9.f4 O-O 10.Kh1 a6 11.f5 b5 12.Ne2 h6 13.Nh3 d5 14.fxe6 fxe6 15.exd5 exd5
16.Ng3 Ng4 17.c3 Bd6 18.Bd2 Bxg3 19.hxg3 Rxf1+ 20.Qxf1 Rf8 21.Qe2 Re8 22.Qf1 c4
23.Re1 Rf8 24.Qe2 Nce5 25.dxc4 dxc4 26.Bf4 Nd3 27.Rf1 g5 28.Bc1 Re8 29.Qf3 Ne1
30.Qf5 Qxf5 31.Rxf5 Nd3  0-1

[Event "Chigorin Mem"]
[Site "St Petersburg RUS"]
[Date "2000.11.09"]
[Round "8"]
[White "Yandemirov,V"]
[Black "Karasev,V"]
[Result "1/2-1/2"]
[WhiteElo "2505"]
[BlackElo "2358"]

1.e4 c5 2.Nf3 d6 3.Bb5+ Nd7 4.O-O Nf6 5.Re1 a6 6.Bxd7+ Nxd7 7.d4 cxd4 8.Qxd4 e5
9.Qd3 Nc5 10.Qe2 Be7 11.Nc3 O-O 12.Be3 Be6 13.Bxc5 dxc5 14.Nxe5 Bf6 15.Nc4 b5
16.Ne3 b4 17.Ncd1 Qd4 18.Ng4 Bg5 19.c3 Qd2 20.Qxd2 Bxd2 21.Re2 Bxc3 22.bxc3 Bxg4
23.Rb2 a5 24.a3 Be6 25.axb4 axb4 26.Rc1 Rfb8 27.f3 Kf8 28.Kf2 g5 29.Ne3 Ra2
30.Rb1 bxc3 31.Rxa2 Rxb1 32.Rc2 Rb2 33.Ke1 Rxc2 34.Nxc2 Bb3 35.Ne3 Ke7 36.Ke2 Kd6
37.Kd3 c2 38.Kd2 Ke5 39.Ng4+ Kf4 40.Nf6 h6 41.Nh5+ Ke5 42.Ng3 Ba4 43.Kc1 Kf4
44.Kd2 f6 45.Nf5 Bd7 46.Ne7 Ke5 47.Kxc2 f5 48.Nxf5 Bxf5 49.exf5 Kxf5 50.g3 Ke5
51.Kd3 Kd5 52.f4 gxf4 53.gxf4 h5 54.h4 Ke6 55.Kc4 Kf5 56.Kxc5 Kxf4 57.Kd4  1/2-1/2

[Event "34th Olympiad Women"]
[Site "Istanbul TUR"]
[Date "2000.11.10"]
[Round "13"]
[White "Arribas,M"]
[Black "Blazkova,P"]
[Result "1-0"]
[WhiteElo "2300"]
[BlackElo "2222"]

1.e4 c5 2.Nf3 d6 3.Bb5+ Bd7 4.Bxd7+ Qxd7 5.O-O Nc6 6.c3 Nf6 7.d4 cxd4 8.cxd4 d5
9.e5 Ne4 10.Be3 e6 11.Ne1 h6 12.f3 Ng5 13.Nc3 Be7 14.Nd3 O-O 15.f4 Ne4 16.Qf3 Nxc3
17.bxc3 Na5 18.f5 exf5 19.Nf4 Rfd8 20.Nh5 Qe6 21.Qxf5 Rac8 22.Qd3 Nc4 23.Bf4 Qg4
24.Ng3 Bg5 25.h3 Qe6 26.Bxg5 hxg5 27.Rf3 Rd7 28.Raf1 Rc6 29.Nf5 Qg6 30.Rg3 Kh8
31.h4 f6 32.exf6 gxf6 33.hxg5 fxg5 34.Rh3+ Rh7 35.Qg3 Rxh3 36.Qxh3+ Qh7 37.Qg3 Rg6
38.Re1 Rg8 39.Ne7 Rf8 40.Qxg5  1-0

[Event "34th Olympiad Women"]
[Site "Istanbul TUR"]
[Date "2000.11.10"]
[Round "13"]
[White "Ionescu Brandis,I"]
[Black "Wang Lei"]
[Result "0-1"]
[WhiteElo "2304"]
[BlackElo "2498"]

1.e4 c5 2.Nf3 d6 3.Bb5+ Nd7 4.O-O Nf6 5.Re1 a6 6.Bf1 b6 7.d4 cxd4 8.Nxd4 Bb7
9.f3 e6 10.c4 Be7 11.Nc3 Rc8 12.a4 O-O 13.Kh1 Re8 14.Nc2 Qc7 15.Ne3 Qb8 16.b3 a5
17.Bb2 Nc5 18.Re2 Red8 19.Qc2 Nh5 20.Rd1 Bg5 21.Bc1 Bf4 22.g4 Nf6 23.Bb2 Be5
24.Kg1 Nfd7 25.Nb5 Nf8 26.Ng2 Ng6 27.h4 Nf4 28.Nxf4 Bxf4 29.Nc3 h6 30.Rg2 Be5
31.Rgd2 Bf4 32.Rg2 Be5 33.Rgd2 Bg3 34.h5 Bf4 35.Rg2 Qc7 36.Ne2 Be5 37.Bc1 f5
38.gxf5 exf5 39.Bxh6 fxe4 40.f4 Kh7 41.fxe5 gxh6 42.exd6 Rxd6 43.Rxd6 Qxd6
44.Qc3 Rg8 45.Rxg8 Kxg8 46.Qe3 Qf6 47.Nf4 Qg5+ 48.Kf2 Nxb3 49.Qxb3 Qxf4+
50.Ke1 Qh4+ 51.Kd2 Qf2+ 52.Be2 Qc5 53.Qg3+ Qg5+ 54.Qxg5+ hxg5 55.Ke3 Kg7
56.Kd4 Bc6 57.Bd1 Kh6 58.Ke3 Be8 59.Kxe4 Bxh5 60.Bb3 Be8 61.Bd1 Bh5 62.Bb3 Be2
63.Ke3 Bg4 64.Kd4 Bf3 65.c5 bxc5+ 66.Kxc5 g4 67.Kd4 Kg5 68.Ke3 Bc6 69.Bd1 g3
70.Bc2 Kg4  0-1

[Event "ch-POL Semi-Finals"]
[Site "Polanczyk POL"]
[Date "2000.11.10"]
[Round "7"]
[White "Krysztofiak,M"]
[Black "Swicarz,M"]
[Result "0-1"]
[WhiteElo "2230"]
[BlackElo "2257"]

1.e4 c5 2.Nf3 d6 3.Bb5+ Nc6 4.O-O Bd7 5.c3 a6 6.Ba4 Nf6 7.Re1 b5 8.Bc2 e5
9.h3 Be7 10.d4 O-O 11.Nbd2 Qb6 12.d5 Na7 13.Nf1 Qc7 14.Ng3 Nc8 15.Nh2 Nb6
16.Ng4 Qc8 17.Ne3 g6 18.Rf1 Ne8 19.Ng4 Ng7 20.f4 Bxg4 21.hxg4 exf4 22.Bxf4 Qd8
23.e5 dxe5 24.Bxe5 Qxd5 25.Qe2 Rae8 26.Rad1 Qe6 27.Nf5 Bg5  0-1

[Event "Chigorin Mem"]
[Site "St Petersburg RUS"]
[Date "2000.11.10"]
[Round "9"]
[White "Smikovski,I"]
[Black "Dvoirys,S"]
[Result "0-1"]
[WhiteElo "2489"]
[BlackElo "2562"]

1.e4 c5 2.Nf3 d6 3.Bb5+ Nc6 4.Bxc6+ bxc6 5.O-O Bg4 6.c3 Nf6 7.d3 Nd7 8.h3 Bh5
9.Bg5 Rb8 10.g4 Bg6 11.Qe2 f6 12.Bc1 Bf7 13.Nbd2 h5 14.Nc4 Qc8 15.b3 Nb6
16.Ne3 g6 17.Nh2 d5 18.c4 Qe6 19.Ng2 hxg4 20.hxg4 g5 21.Bd2 Nd7 22.f4 gxf4
23.Nxf4 Qd6 24.exd5 cxd5 25.cxd5 Nb6 26.Qf2 Nxd5 27.Rac1 Bh6 28.Nxd5 Bxd5
29.Bf4 Bxf4 30.Qxf4 Qb6 31.Rf2 Rd8 32.Qe3 Bb7 33.Re2 Rh7 34.Rce1 Rd4 35.Qg3 c4
36.Kf1 cxd3 37.Re6 Qb5 38.a4 Qd5 39.Qb8+ Kd7 40.Rd6+ exd6  0-1

[Event "34th Olympiad Women"]
[Site "Istanbul TUR"]
[Date "2000.11.12"]
[Round "14"]
[White "Skripchenko,A"]
[Black "Khegai,A"]
[Result "1-0"]
[WhiteElo "2450"]
[BlackElo "2234"]

1.e4 c5 2.Nf3 d6 3.Bb5+ Bd7 4.Bxd7+ Qxd7 5.O-O Nc6 6.b3 Nf6 7.Re1 e6 8.Bb2 Be7
9.d4 cxd4 10.Nxd4 O-O 11.c4 a6 12.Nc3 Qc7 13.Nc2 Rfd8 14.Ne3 Ne5 15.Rc1 Bf8
16.Rc2 Rac8 17.f3 Qb8 18.a4 b6 19.Rd2 Ned7 20.Kh1 Nc5 21.Qc2 Nfd7 22.Red1 Ne5
23.Ba1 Be7 24.Rf1 Bf6 25.Qd1 g6 26.f4 Nc6 27.Ng4 Bxc3 28.Bxc3 Nxe4 29.Nf6+ Nxf6
30.Bxf6 Rd7 31.Rd3 Ne7 32.Qf3 Nf5 33.g4 Ng7 34.Qh3 Qb7+ 35.Kg1 Ne8 36.Qxh7+  1-0

[Event "34th Olympiad"]
[Site "Istanbul TUR"]
[Date "2000.11.12"]
[Round "14"]
[White "Valiente,C"]
[Black "Clavijo,J"]
[Result "1-0"]
[WhiteElo "2389"]
[BlackElo "2414"]

1.e4 c5 2.Nf3 d6 3.Bb5+ Bd7 4.Bxd7+ Nxd7 5.O-O Ngf6 6.Qe2 e6 7.b3 Be7 8.Bb2 O-O
9.d4 a6 10.c4 cxd4 11.Nxd4 Re8 12.Nc3 Rc8 13.Rad1 Qa5 14.Rd3 d5 15.exd5 exd5
16.Re3 Kf8 17.Nf5 Bc5 18.Nxd5 Bxe3 19.fxe3 Re6 20.Bc3 Qd8 21.Nxg7 Kxg7 22.Qg4+ Kf8
23.Bb4+ Rc5 24.Nxf6 Rxf6 25.Rxf6 Qxf6 26.Qxd7 Qa1+ 27.Kf2 b6 28.Bxc5+ bxc5
29.Qd8+ Kg7 30.Qg5+ Kh8 31.Qxc5 Qxa2+ 32.Kf3 Kg8 33.b4 h5 34.Qxh5 Qb1 35.Qg5+ Kf8
36.Qd8+ Kg7 37.Qd4+ Kf8 38.c5 Qf5+ 39.Qf4 Qd5+ 40.Kg3 a5 41.bxa5 Qxc5 42.Qh6+ Ke7
43.a6 f6 44.Qf4 Kf7 45.h3 Qa3 46.Qc7+ Kg6 47.a7  1-0

[Event "34th Olympiad"]
[Site "Istanbul TUR"]
[Date "2000.11.12"]
[Round "14"]
[White "Smith,Ro"]
[Black "Clerides,P"]
[Result "1/2-1/2"]
[WhiteElo "2270"]
[BlackElo "2226"]

1.e4 c5 2.Nf3 d6 3.Bb5+ Bd7 4.Bxd7+ Qxd7 5.c4 Nc6 6.d4 cxd4 7.Nxd4 Nf6 8.Nc3 e6
9.O-O Be7 10.b3 O-O 11.Bb2 b6 12.Nxc6 Qxc6 13.Re1 Rfd8 14.Qf3 a6 15.a4 Rac8
16.Qg3 Ne8 17.Qe3 Qb7 18.Ne2 Rd7 19.Nd4 Bf6 20.Rab1 g6 21.Qe2  1/2-1/2

[Event "Tch-ISL"]
[Site "Reykjavik ISL"]
[Date "2000.11.17"]
[Round "1"]
[White "Vidarsson,J"]
[Black "Olafsson,H"]
[Result "1/2-1/2"]
[WhiteElo "2369"]
[BlackElo "2478"]

1.e4 c5 2.Nf3 d6 3.Bb5+ Nc6 4.O-O Bd7 5.Re1 Nf6 6.c3 a6 7.Ba4 c4 8.d4 cxd3
9.Qxd3 g6 10.c4 Bg7 11.Nc3 O-O 12.Be3 Rc8 13.Bxc6 Bxc6 14.Rac1 Qa5 15.a3 b5
16.Nd5 Qd8 17.cxb5 Bxb5 18.Rxc8 Bxd3 19.Rxd8 Rxd8 20.Nxe7+ Kf8 21.Nc6 Rc8
22.Nb4 Bxe4 23.Nxa6 Nd5 24.Bd4 Bxd4 25.Nxd4 Bd3 26.Nb4 Nxb4 27.axb4 Rc4 28.Nb5 Rxb4
29.Nxd6 Rxb2 30.h3  1/2-1/2

[Event "Tch-AUT 2000-01"]
[Site "Gleisdorf AUT"]
[Date "2000.11.18"]
[Round "4"]
[White "Kuba,G"]
[Black "Hamberger,H"]
[Result "1-0"]
[WhiteElo "2264"]
[BlackElo "2168"]

1.e4 c5 2.Nf3 d6 3.Bb5+ Nd7 4.d4 Nf6 5.Nc3 a6 6.Bxd7+ Nxd7 7.dxc5 Nxc5 8.Be3 e6
9.Qd2 Be7 10.O-O O-O 11.Rfd1 b5 12.b4 Nd7 13.Bf4 Qc7 14.a4 bxa4 15.Nxa4 Nf6
16.Bxd6 Bxd6 17.Qxd6 Qxd6 18.Rxd6 Nxe4 19.Rd4 Nf6 20.c4 Rb8 21.Rb1 Bb7 22.Ne5 Be4
23.Rb2 Rfd8 24.Rbd2 Rxd4 25.Rxd4 h5 26.c5 a5 27.f3 Bd5 28.bxa5 Ra8 29.c6 Rxa5
30.c7 Bb7 31.Nc6 Rb5 32.Rd8+ Kh7 33.Rb8 h4 34.Rxb7  1-0

[Event "VI Open"]
[Site "Lisbon POR"]
[Date "2000.11.21"]
[Round "4"]
[White "Rocha,S"]
[Black "Van den Doel,E"]
[Result "1-0"]
[WhiteElo "2374"]
[BlackElo "2547"]

1.e4 c5 2.Nf3 d6 3.Bb5+ Nd7 4.c3 Nf6 5.Qe2 a6 6.Ba4 c4 7.O-O e5 8.Bc2 Qc7
9.a4 d5 10.exd5 Nxd5 11.Na3 Bxa3 12.Rxa3 Nf4 13.Qe3 f6 14.b3 Nb6 15.a5 Nbd5
16.Qe4 b5 17.axb6 Nxb6 18.Re1 g5 19.bxc4 Bb7 20.Qf5 O-O 21.c5 Nbd5 22.d4 exd4
23.cxd4 Rae8 24.Bxf4 Rxe1+ 25.Nxe1 Nxf4 26.Re3 Bc8 27.Qe4 Bb7 28.Qe7 Qxe7
29.Rxe7 Bd5 30.Bxh7+ Kh8 31.Nd3 Ne6 32.Nb4 Bc4 33.Bd3 Bxd3 34.Rxe6 Bc4 35.d5 a5
36.Re4 Bb3 37.Re3 Bc4 38.Rc3 Bb5 39.Nc2 Rd8 40.Ne3 f5 41.c6 Ba6 42.Rc5 f4
43.Nf5 a4 44.Ra5 Bd3 45.c7 Re8 46.Ne7 Bf5 47.d6 Bd7 48.Rxa4 Bxa4 49.c8=Q Rxc8
50.Nxc8 Kg7 51.Nb6  1-0

[Event "Autumn Cup IM"]
[Site "Bucharest ROM"]
[Date "2000.11.22"]
[Round "3"]
[White "Glodeanu,I"]
[Black "Petrenko,S"]
[Result "1/2-1/2"]
[WhiteElo "2271"]
[BlackElo "2316"]

1.e4 c5 2.Nf3 d6 3.Bb5+ Nd7 4.d4 Nf6 5.Nc3 a6 6.Bxd7+ Nxd7 7.O-O e6 8.d5 e5
9.a4 Be7 10.Nd2 O-O 11.Nc4 Nb6 12.Ne3 g6 13.a5 Nd7 14.Nc4 b5 15.axb6 Nxb6
16.Na5 Bf6 17.Bh6 Bg7 18.Qd2 f6 19.Bxg7 Kxg7 20.f4 exf4 21.Qxf4 f5 22.Qf2 f4
23.e5 dxe5 24.Qxc5 Bf5 25.Nc6 Nd7 26.Qb4 Qb6+ 27.Qxb6 Nxb6 28.Nxe5 Bxc2 29.Nf3 h6
30.Nd4 Bf5 31.Nxf5+ Rxf5 32.Rfd1 Nc4 33.d6 Ne3 34.Rd3 Rff8 35.Nd5 Rab8 36.Nxe3 fxe3
37.Rxe3 Rxb2 38.Rd1 Rff2 39.d7 Rxg2+ 40.Kf1 Rbf2+ 41.Ke1 Rg1+ 42.Kxf2 Rxd1
43.Ra3  1/2-1/2